000 00612nam a2200229Ia 4500
003 OSt
005 20220924113216.0
006 a|||||r|||| 00| 0
007 ta
008 220923b |||||||| |||| 00| 0 eng d
024 _a43334
037 _cDictionary
040 _aARTS
_cARTS
_beng
041 _2eng
_aeng
082 _aX:8F:P111:4k, 168M5
100 _aChamiyah Masood Ahmad
_9169708
245 0 _aIstelahat-e-hisabdari wa muhasabi
260 _c1985
650 _aECONOMICS
942 _hX:8F:P111:4k, 168M5
_cdic
_2cc
999 _c389571
_d389571